| 000 -LEADER |
| fixed length control field |
01329cam a22003495i 4500 |
| 001 - CONTROL NUMBER |
| control field |
20083328 |
| 003 - CONTROL NUMBER IDENTIFIER |
| control field |
OSt |
| 005 - DATE AND TIME OF LATEST TRANSACTION |
| control field |
20190920142005.0 |
| 008 - FIXED-LENGTH DATA ELEMENTS--GENERAL INFORMATION |
| fixed length control field |
171019s2018 ilu 000 0 eng |
| 010 ## - LIBRARY OF CONGRESS CONTROL NUMBER |
| LC control number |
2017958384 |
| 020 ## - INTERNATIONAL STANDARD BOOK NUMBER |
| International Standard Book Number |
9781625136275 |
| 040 ## - CATALOGING SOURCE |
| Original cataloging agency |
DLC |
| Language of cataloging |
eng |
| Description conventions |
rda |
| Transcribing agency |
DLC |
| 042 ## - AUTHENTICATION CODE |
| Authentication code |
pcc |
| 082 ## - DEWEY DECIMAL CLASSIFICATION NUMBER |
| Classification number |
030 ENC |
| 110 ## - MAIN ENTRY--CORPORATE NAME |
| Corporate name or jurisdiction name as entry element |
Encyclopaedia Britannica, Inc. |
| 245 00 - TITLE STATEMENT |
| Title |
Encyclopaedia britannica anniversary edition : |
| Remainder of title |
250 years of excellence (1768-2018) / |
| Statement of responsibility, etc. |
Encyclopaedia Britannica. |
| 246 ## - VARYING FORM OF TITLE |
| Title proper/short title |
1768-2018 |
| 246 ## - VARYING FORM OF TITLE |
| Title proper/short title |
Britannica special edition |
| 250 ## - EDITION STATEMENT |
| Edition statement |
2018 edition. |
| 263 ## - PROJECTED PUBLICATION DATE |
| Projected publication date |
1802 |
| 264 #1 - PRODUCTION, PUBLICATION, DISTRIBUTION, MANUFACTURE, AND COPYRIGHT NOTICE |
| Place of production, publication, distribution, manufacture |
Chicago : |
| Name of producer, publisher, distributor, manufacturer |
Benton, |
| Date of production, publication, distribution, manufacture, or copyright notice |
2018. |
| 300 ## - PHYSICAL DESCRIPTION |
| Extent |
735 pages : |
| Other physical details |
illustrations (some color), maps, plans, photographs (some color), portraits (some color) ; |
| Dimensions |
29 cm. |
| 336 ## - CONTENT TYPE |
| Content type term |
text |
| Content type code |
txt |
| Source |
rdacontent |
| 337 ## - MEDIA TYPE |
| Media type term |
unmediated |
| Media type code |
n |
| Source |
rdamedia |
| 338 ## - CARRIER TYPE |
| Carrier type term |
volume |
| Carrier type code |
nc |
| Source |
rdacarrier |
| 440 ## - SERIES STATEMENT/ADDED ENTRY--TITLE |
| Title |
Britannica book of the year, 2018. |
| 500 ## - GENERAL NOTE |
| General note |
Series statement from publisher's website (https://britannicalearn.com/press/historic-publishing-event/) |
| 505 ## - FORMATTED CONTENTS NOTE |
| Formatted contents note |
Evolving Knowledge --<br/>Classic Voices --<br/>Issues of Today, Visions of Tomorrow --<br/>Afterword: 250 years of impact / Theodore Pappas. |
| 906 ## - LOCAL DATA ELEMENT F, LDF (RLIN) |
| a |
0 |
| b |
ibc |
| c |
orignew |
| d |
2 |
| e |
epcn |
| f |
20 |
| g |
y-gencatlg |
| 942 ## - ADDED ENTRY ELEMENTS (KOHA) |
| Source of classification or shelving scheme |
|
| Koha item type |
Reference |